¿Donde está nuestra fuerza? (sobre el futuro de la Iglesia de los pobres)
Gardado en:
| Autor Principal: | |
|---|---|
| Autor Corporativo: | |
| Formato: | Libro |
| Idioma: | Spanish |
| Publicado: |
San José, Costa Rica
DEI
1987
|
| Materias: | |
| Etiquetas: |
Engadir etiqueta
Sen Etiquetas, Sexa o primeiro en etiquetar este rexistro!
|
MARC
| LEADER | 00000nam a22000007a 4500 | ||
|---|---|---|---|
| 003 | cru CIDCACS/IIS | ||
| 005 | 20180914115349.0 | ||
| 008 | 180914b1987 cr ||||| |||| 00| 0 spa d | ||
| 999 | |c 41691 |d 41691 | ||
| 040 | |c cru CIDCACS/IIS | ||
| 090 | 4 | |a REV0750 (12) 1987 | |
| 100 | 1 | |9 7660 |a Richard, Pablo | |
| 110 | 2 | |9 7636 |a Departamento Ecuménico de Investigaciones (DEI) | |
| 245 | 1 | |a ¿Donde está nuestra fuerza? |b (sobre el futuro de la Iglesia de los pobres) |c Pablo Richard | |
| 260 | |a San José, Costa Rica |b DEI |c 1987 | ||
| 300 | |a 12-20 páginas | ||
| 650 | 1 | 7 | |2 Macrotesauro OCDE |9 284 |a POBREZA |
| 650 | 1 | 0 | |2 Macrotesauro OCDE |9 3285 |a TEOLOGIA DE LA LIBERACION |
| 651 | 1 | 0 | |9 17 |a AMERICA LATINA |
| 651 | 1 | 0 | |9 5221 |a AFRICA |
| 773 | 0 | |0 41641 |9 2252 |a Departamento Ecuménico de Investigaciones (DEI) |d San José, Costa Rica Departamento Ecuménico de Investigaciones (DEI) |o 20038 |t Pasos / | |
| 942 | |2 ddc |c PP | ||
